| 000 | 00673nam a2200241Ia 4500 | ||
|---|---|---|---|
| 003 | OSt | ||
| 005 | 20220927105237.0 | ||
| 006 | a|||||r|||| 00| 0 | ||
| 007 | ta | ||
| 008 | 220926b |||||||| |||| 00| 0 eng d | ||
| 024 | _a187420 | ||
| 037 | _cReference Collections | ||
| 040 |
_aRTL _cRTL _beng |
||
| 041 |
_2eng _aeng |
||
| 082 | _a"G:55.1N45r, N2" | ||
| 110 | _aUNITED NATIONS | ||
| 245 | 0 |
_aEnvironment in Europe and North America _b" Annotated statistics, 1992" |
|
| 260 |
_aNewyork _bUN _c1992 |
||
| 300 |
_a"xvii, 366p" _ccm. |
||
| 700 | _aUNITED NATIONS | ||
| 942 |
_h"G:55.1N45r, N2" _cCC |
||
| 999 |
_c691462 _d691462 |
||